000
00351nam a2200133Ia 4500
008
231129s1998||||xx |||||||||||||| ||spa||
020
_a
84-8055-254-9
040
_b
spa
082
_a
R 657.03 D545c
245
0
_a
Diccionario de contabilidad y finanzas
260
_c
1998
264
_a
Cultural.
942
_2
ddc
_c
BKS
999
_c
9319
_d
9319